000 01158nam a22003497a 4500
003 CHAP
005 20220329135324.0
008 971013s1978 r 00010 d
010 _a34387
011 _a35359
035 _a39475
040 _cCHAP
082 _a664.92
_bF3 1978
100 0 0 _aFabbricante, Thomas.
_939260
245 _aPractical meat cutting and merchandising
250 _a2 ed.
260 _aWestport, Conn :
_bAVI,
_c1978
300 _a2 v.
500 _aLa biblioteca tiene: v.1
505 _aContenido: v.1 Beef. -- v.2 Pork, lamb and veal
590 _aBATCH-UPD
_b10
_c20130109
_lUCH01
_h2324
590 _aBATCH-UPD
_b10
_c20130110
_lUCH01
_h2028
590 _aCONVERSION
_b10
_c20130109
_lUCH01
_h1319
650 1 4 _aCarne
_xCortes.
_919076
650 1 4 _aCarne
_xMercadeo.
_919090
700 0 _aSultan, William J.
_9110634
901 _aBK
942 _cLIBRO
949 _a664.92 F3 1978
_bBC
_cLIBRO
_d33724000131603
_eLIBRO
_fv.1
_h52931
_i39475
_si
949 _a664.92 F3 1978
_bBC
_cLIBRO
_d33724000131611
_eLIBRO
_fv.1 c.2
_h58923
_i39475
_si
949 _a664.92 F3 1978
_bBC
_cLIBRO
_d33724000131629
_eLIBRO
_fv.1 c.3
_h58924
_i39475
_si
999 _c34387
_d34387